000 00255nam a2200097Ia 4500
001 1250349
005 20251031150854.0
008 251031s9999 xx 000 0 und d
245 0 _cİNCİ ARAL
_aC-4 AŞKIN GÜZELLİĞİ
260 _bKIRMIZI KEDİ YAYINLARI
999 _c1250349
_d1250349